000 00332nam a2200133Ia 4500
008 240624s9999 xx 000 0 und d
041 _aeng
082 _a300.72 PAU
100 _aPAULUS TRENA M
245 _aDIGITAL TOOLS FOR QUALITATIVE RESEARCH
260 _c2014
_aLondon
_bSage
300 _a208 p,: 23 cm.
365 _cBPS
_b38
999 _c31090
_d31090